=LDR 00000nam 2200000 4500 =001 INLIS000000000045446 =005 20150202105032.0 =006 =007 =008 =020 ##$$a 978-602-8608-69-5 =035 ##$$0010-021500000000006 =040 ##$$a NBPDMAT =082 ##$$a 372.35 =090 ##$$a 372.35 $b Sun s =245 ##$$a Sungai, Laut ,dan Bumi Kita/ $c Alih Bahasa, Ayu Dyah Pitaloka; editor A.Ary satrio =260 ##$$a Jakarta : $b Gading Inti Prima, $c 2010 =300 ##$$a 59 hlm. : $b ilus. ; $c 24cm. =650 ##$$a Sains =700 ##$$a Ayu Dyah Pitaloka =850 ##$$a NBPDMAT =990 ##$$a 21420396 =990 ##$$a 21420342 =990 ##$$a 21420343 =990 ##$$a 21420344 =990 ##$$a 21420345